Aasian maantiedettä kirjaimittain - S #2 - Statistics

Yleistilastot
  • Tätä visaa on pelattu 381 kertaa
  • Keskiarvotulos 8 / 20
Vastaustilastot
Vihje Vastaus % Oikein
Perinteinen japanilainen uskonto Šintolaisuus
82%
Omanin tai Brunein johtajan arvonimi Sulttaani
75%
Japanin kansallisurheilulaji Sumo
73%
Egyptille kuuluva niemimaa Aasian puolella Siinai
68%
Iran tuottaa noin 90 % tästä erittäin kalliista, punaisesta sekä kitkerästä mausteesta ja väriaineesta Sahrami
67%
Iranissa vallalla oleva islamin suuntaus Šiialaisuus
58%
Vuorikiipeilykyvyistään tunnettu nepalilainen kansa Šerpat
56%
Tällä Kiinan autonomisella alueella asuu enemmän mongoleja kuin Mongoliassa {Sisä}-Mongolia
48%
Persian hallitsijoiden käyttämä arvonimi Šaahi
44%
Pienin Japanin neljästä pääsaaresta Shikoku
40%
Suurin Venäjälle kuuluva saari Sahalin
31%
Intian klassinen sivistyskieli Sanskrit
26%
Guru Nānakin Punjabissa perustama intialainen uskonto Sikhiläisyys
26%
Izmir tunnettiin aiemmin tällä kreikkalaisella nimellä Smyrna
26%
Uzbekistanin toiseksi suurin kaupunki ja aikoinaan Silkkitien tärkeä kauppapaikka Samarkand
23%
Pääosin Indonesiasta koostuva laaja saaristo Sundasaaret
21%
Indonesian kolmanneksi suurin kaupunki Surabaya
21%
Sri Lankan puhutuin kieli Sinhali
17%
Karachi sijaitsee tässä Pakistanin provinssissa, jossa puhutaan samannimistä kieltä Sindh
12%
Yksi muinaisten foinikialaisten tärkeimmistä kaupungeista Libanonissa Sidon
11%
Ehtoja vastaavia visoja ei löytynyt
Tulosjakauma
Jokaisen tuloksen saaneiden osuus
Persentiili vastausten määrän mukaan
Tuloshistoriasi
Et ole pelannut tätä visaa